[Event "Florianopolis op 9th"]
[Site "Florianopolis"]
[Date "2023.01.24"]
[Round "2"]
[White "Oviedo Acosta, Paula"]
[Black "De Souza, Nicolas Gabriel"]
[Result "0-1"]
[WhiteElo "1836"]
[BlackElo "1326"]
[PlyCount "106"]
[EventDate "2023.01.23"]
[EventType "swiss"]
[EventRounds "10"]
[EventCountry "BRA"]
[SourceTitle "CBM 212 Extra"]
[Source "ChessBase"]
[SourceDate "2023.03.31"]
[SourceVersion "1"]
[SourceVersionDate "2023.03.31"]
[SourceQuality "1"]

1. e4 c5 2. Nf3 Nc6 3. d4 cxd4 4. Nxd4 Nf6 5. Nc3 e5 6. Ndb5 d6 7. Bg5 a6 8. Na3 b5 9. Nd5 Be7 10. Bxf6 Bxf6 11. c3 Bg5 12. Nc2 Be6 13. a4 bxa4 14. Rxa4 a5 15. Bc4 0-0 16. h4 Bh6 17. g4 Bf4 18. Qf3 Rb8 19. b3 Qd7 20. Rg1 Ne7 21. Rxa5 Bxd5 22. exd5 Rfc8 23. Ke2 f5 24. Nb4 Kh8 25. gxf5 Rxb4 26. cxb4 Nxf5 27. Qg4 Nd4+ 28. Kd3 Qc7 29. Ra7 e4+ 30. Kxd4 Qxa7+ 31. Kxe4 Re8+ 32. Kd3 Be5 33. f3 Rf8 34. Re1 h6 35. Ke2 Qa2+ 36. Kf1 Qh2 37. Qg2 Qxh4 38. Re4 Qh5 39. Ke2 Ra8 40. Ke3 g5 41. b5 Qf7 42. Kd3 Ra1 43. Re2 Qf5+ 44. Re4 Rc1 45. b6 Rc3+ 46. Kd2 Rxf3 47. Be2 Rxb3 48. Rc4 Rb2+ 49. Ke1 Rxb6 50. Bg4 Rb1+ 51. Bd1 Qd3 52. Rc8+ Kg7 53. Rc7+ Kg6 0-1